[Event "OP-2015-0-03692"]
[Site "LSS email"]
[Date "2015.04.12"]
[Round "?"]
[White "Stevenson, Walter"]
[Black "Kovacs, Arthur"]
[Result "0-1"]
[WhiteElo "985"]
[BlackElo "2429"]
[PlyCount "29"]
[EventDate "2015.04.06"]
[EventType "tourn (corr)"]
[EventRounds "4"]
[EventCountry "GER"]
[SourceTitle "Corr 2022"]
[Source "ChessBase"]
[SourceDate "2021.10.24"]
[SourceVersion "1"]
[SourceVersionDate "2021.10.24"]
[SourceQuality "1"]

1. d4 d5 2. c4 e6 3. Nc3 Nf6 4. Nf3 Bb4 5. Bd2 0-0 6. e3 b6 7. a3 Be7 8. Bd3 Bb7 9. 0-0 Nbd7 10. b4 dxc4 11. Bxc4 c5 12. bxc5 bxc5 13. dxc5 Rc8 14. Qb3 Bxf3 15. gxf3 0-1

[Event "OP-2015-0-03692"]
[Site "LSS email"]
[Date "2015.04.11"]
[Round "?"]
[White "Shim Ng Min, Francis"]
[Black "Stevenson, Walter"]
[Result "1-0"]
[WhiteElo "1203"]
[BlackElo "985"]
[PlyCount "37"]
[EventDate "2015.04.06"]
[EventType "tourn (corr)"]
[EventRounds "4"]
[EventCountry "GER"]
[SourceTitle "Corr 2022"]
[Source "ChessBase"]
[SourceDate "2021.10.24"]
[SourceVersion "1"]
[SourceVersionDate "2021.10.24"]
[SourceQuality "1"]

1. e4 c5 2. Nf3 Nc6 3. d4 e6 4. d5 Nce7 5. c4 Nf6 6. Nc3 Nexd5 7. exd5 d6 8. dxe6 fxe6 9. Bd3 Be7 10. 0-0 0-0 11. b3 Bd7 12. Bb2 Qc7 13. Qe2 Bc6 14. Qxe6+ Kh8 15. Nd5 Bxd5 16. cxd5 Qb6 17. Ng5 Qc7 18. Nf7+ Rxf7 19. Qxf7 1-0

[Event "OP-2015-0-03608"]
[Site "LSS email"]
[Date "2015.01.04"]
[Round "?"]
[White "Astroukh, Vitalij"]
[Black "Stevenson, Walter"]
[Result "1-0"]
[WhiteElo "2278"]
[BlackElo "1029"]
[PlyCount "41"]
[EventDate "2014.12.29"]
[EventType "tourn (corr)"]
[EventRounds "4"]
[EventCountry "GER"]
[SourceTitle "Corr 2022"]
[Source "ChessBase"]
[SourceDate "2021.10.24"]
[SourceVersion "1"]
[SourceVersionDate "2021.10.24"]
[SourceQuality "1"]

1. e4 c5 2. Nf3 d6 3. d4 cxd4 4. Nxd4 Nc6 5. c4 Nf6 6. Nc3 e6 7. Be2 Be7 8. Be3 0-0 9. 0-0 Bd7 10. Rc1 Nxd4 11. Qxd4 e5 12. Qd3 Bc6 13. Rfd1 Qc7 14. Nd5 Bxd5 15. cxd5 Qa5 16. Rc2 Rac8 17. Rdc1 Rxc2 18. Qxc2 Qxa2 19. Bd2 b6 20. Bc4 Rc8 21. Bxa2 1-0

[Event "OP-2014-0-03532"]
[Site "LSS email"]
[Date "2014.10.21"]
[Round "?"]
[White "Henke, Simon"]
[Black "Stevenson, Walter"]
[Result "1-0"]
[WhiteElo "1507"]
[BlackElo "645"]
[PlyCount "53"]
[EventDate "2014.10.16"]
[EventType "tourn (corr)"]
[EventRounds "4"]
[EventCountry "GER"]
[SourceTitle "Corr 2015"]
[Source "ChessBase"]
[SourceDate "2015.07.17"]
[SourceVersion "1"]
[SourceVersionDate "2015.07.17"]
[SourceQuality "1"]

1. c4 c5 2. g3 Nc6 3. Bg2 e6 4. Nc3 d5 5. cxd5 Nce7 6. dxe6 Bxe6 7. Bxb7 Rb8 8. Bg2 Nf6 9. d3 Ng4 10. Nf3 g6 11. b3 Bg7 12. Bb2 0-0 13. Qc2 Nf6 14. Na4 Rc8 15. 0-0 Ng4 16. Bxg7 Kxg7 17. Nxc5 Qd6 18. Nxe6+ fxe6 19. Qb2+ Kg8 20. Rac1 Rc7 21. Rxc7 Qxc7 22. Bh3 h5 23. Bxg4 hxg4 24. Ne5 Qc5 25. Nd7 Nf5 26. Nxc5 a5 27. Nxe6 1-0

[Event "OP-2013-0-02640"]
[Site "LSS email"]
[Date "2013.02.12"]
[Round "?"]
[White "Endean, Andrew"]
[Black "Stevenson, Walter"]
[Result "1-0"]
[WhiteElo "1583"]
[BlackElo "669"]
[PlyCount "51"]
[EventDate "2013.02.10"]
[EventType "tourn (corr)"]
[EventRounds "4"]
[EventCountry "GER"]
[SourceTitle "Telechess CBM 161"]
[Source "ChessBase"]
[SourceDate "2014.07.16"]
[SourceVersion "1"]
[SourceVersionDate "2014.07.16"]
[SourceQuality "1"]

1. d4 d5 2. c4 c6 3. cxd5 cxd5 4. Nc3 Nf6 5. Nf3 e6 6. Bf4 Bd6 7. Bxd6 Qxd6 8. e3 a6 9. Bd3 Nc6 10. Rc1 Bd7 11. 0-0 0-0 12. a3 Rfd8 13. Qe2 Qc7 14. Bb1 b5 15. e4 Qf4 16. Qd3 dxe4 17. Nxe4 Nxe4 18. g3 Qf5 19. Qxe4 Ne7 20. Qxa8 Rxa8 21. Bxf5 Nxf5 22. Rc7 Rd8 23. Rfc1 f6 24. Ra7 Bc8 25. Rcc7 h6 26. g4 1-0

[Event "OP-2013-0-02640"]
[Site "LSS email"]
[Date "2013.02.12"]
[Round "?"]
[White "Stevenson, Walter"]
[Black "Szczepanski, Zbigniew"]
[Result "0-1"]
[WhiteElo "669"]
[BlackElo "2469"]
[PlyCount "40"]
[EventDate "2013.02.10"]
[EventType "tourn (corr)"]
[EventRounds "4"]
[EventCountry "GER"]
[SourceTitle "Telechess CBM 161"]
[Source "ChessBase"]
[SourceDate "2014.07.16"]
[SourceVersion "1"]
[SourceVersionDate "2014.07.16"]
[SourceQuality "1"]

1. d4 d5 2. c4 c6 3. Nf3 Nf6 4. Nc3 e6 5. e3 Nbd7 6. Bd3 dxc4 7. Bxc4 b5 8. Be2 Bb7 9. a3 a6 10. 0-0 c5 11. dxc5 Bxc5 12. b4 Be7 13. Qc2 0-0 14. Bb2 Rc8 15. Qb3 Qc7 16. Rac1 Qb8 17. Rfd1 Ne5 18. Bf1 Bxf3 19. gxf3 Nxf3+ 20. Kh1 Qxh2# 0-1

[Event "OP-2013-0-02640"]
[Site "LSS email"]
[Date "2013.02.12"]
[Round "?"]
[White "Stevenson, Walter"]
[Black "Vontina, Maria"]
[Result "0-1"]
[WhiteElo "669"]
[BlackElo "772"]
[PlyCount "52"]
[EventDate "2013.02.10"]
[EventType "tourn (corr)"]
[EventRounds "4"]
[EventCountry "GER"]
[SourceTitle "Telechess CBM 161"]
[Source "ChessBase"]
[SourceDate "2014.07.16"]
[SourceVersion "1"]
[SourceVersionDate "2014.07.16"]
[SourceQuality "1"]

1. d4 Nf6 2. c4 g6 3. Nc3 Bg7 4. e3 d6 5. Nf3 0-0 6. Be2 Nc6 7. h3 a6 8. 0-0 Re8 9. a3 e5 10. d5 Ne7 11. Qc2 Rf8 12. b4 Ne8 13. Bb2 f5 14. e4 fxe4 15. Nxe4 Bf5 16. Bd3 Bd7 17. Nfg5 Nf6 18. Nxf6+ Rxf6 19. Ne4 Rf8 20. Rac1 Nf5 21. c5 Rc8 22. Rfe1 Bh6 23. Rcd1 Be8 24. cxd6 cxd6 25. Qe2 Ba4 26. Bc2 Rxc2 0-1

[Event "OP-2012-0-02106"]
[Site "LSS email"]
[Date "2012.03.13"]
[Round "?"]
[White "Husemann, Andreas"]
[Black "Stevenson, Walter"]
[Result "1-0"]
[WhiteElo "1994"]
[BlackElo "689"]
[PlyCount "49"]
[EventDate "2012.03.10"]
[EventType "tourn (corr)"]
[EventRounds "4"]
[EventCountry "GER"]
[SourceTitle "Telechess CBM 153"]
[Source "ChessBase"]
[SourceDate "2013.03.14"]
[SourceVersion "1"]
[SourceVersionDate "2013.03.14"]
[SourceQuality "1"]

1. d4 Nf6 2. c4 e6 3. Nc3 Bb4 4. Qc2 0-0 5. a3 Bxc3+ 6. Qxc3 d6 7. f3 Nbd7 8. e4 h6 9. e5 dxe5 10. dxe5 Nh7 11. Ne2 c5 12. Bf4 f6 13. 0-0-0 Qe7 14. exf6 Nhxf6 15. Bd6 Qf7 16. Bxf8 Qxf8 17. h4 Nh5 18. Qe3 e5 19. g4 Nf4 20. g5 h5 21. Nxf4 Qxf4 22. Qxf4 exf4 23. g6 b6 24. Bh3 Ne5 25. Rd8# 1-0

[Event "IECC CL7-2011.09 email"]
[Site "IECC email"]
[Date "2012.01.10"]
[Round "?"]
[White "Simmons, Ernest"]
[Black "Stevenson, Walter"]
[Result "1-0"]
[WhiteElo "1045"]
[BlackElo "1069"]
[PlyCount "46"]
[EventDate "2011.??.??"]
[EventType "tourn (corr)"]
[EventRounds "4"]
[SourceTitle "Telechess CBM 165"]
[Source "ChessBase"]
[SourceDate "2015.03.11"]
[SourceVersion "1"]
[SourceVersionDate "2015.03.11"]
[SourceQuality "1"]
[WhiteTeam "US of America"]
[BlackTeam "Canada"]
[WhiteTeamCountry "USA"]
[BlackTeamCountry "CAN"]

1. d4 d5 2. c4 e6 3. Nc3 Nf6 4. e3 Nbd7 5. Bd3 dxc4 6. Bxc4 a6 7. Nf3 Bb4 8. Bd2 0-0 9. 0-0 b5 10. Bd3 Bb7 11. Be2 Rb8 12. a3 Bxc3 13. Bxc3 Nb6 14. b3 Nbd5 15. Bd2 c6 16. b4 Qc7 17. Rc1 Ne4 18. Qc2 Nxd2 19. Qxd2 Qe7 20. Rc5 Rfd8 21. Bd1 Nf6 22. Ne5 Rd5 23. Nxc6 Bxc6 1-0

[Event "IECC CL7-2011.09 email"]
[Site "IECC email"]
[Date "2012.01.10"]
[Round "?"]
[White "Stevenson, Walter"]
[Black "Wincinson, Ginger Alice"]
[Result "0-1"]
[WhiteElo "1076"]
[BlackElo "1300"]
[PlyCount "32"]
[EventDate "2012.??.??"]
[EventType "tourn (corr)"]
[EventRounds "4"]
[SourceTitle "Corr 2020"]
[Source "ChessBase"]
[SourceDate "2019.09.30"]
[SourceVersion "1"]
[SourceVersionDate "2019.09.30"]
[SourceQuality "1"]
[WhiteTeam "Canada"]
[BlackTeam "England"]
[WhiteTeamCountry "CAN"]
[BlackTeamCountry "ENG"]

1. d4 Nf6 2. c4 b6 3. Nc3 Bb7 4. e3 g6 5. Nf3 Bg7 6. Be2 e6 7. 0-0 0-0 8. b4 Qe7 9. a3 a5 10. b5 d6 11. Bb2 Ne4 12. Qc2 Nxc3 13. Bxc3 Nd7 14. Rac1 Rac8 15. Qb2 c5 16. bxc6 Bxc6 0-1

[Event "OP-2011-0-01880"]
[Site "LSS email"]
[Date "2011.11.15"]
[Round "?"]
[White "Astroukh, Vitaly Sergeevich"]
[Black "Stevenson, Walter"]
[Result "1-0"]
[WhiteElo "1948"]
[BlackElo "690"]
[PlyCount "35"]
[EventDate "2011.11.12"]
[EventType "tourn (corr)"]
[EventRounds "4"]
[EventCountry "GER"]
[SourceTitle "Telechess CBM 153"]
[Source "ChessBase"]
[SourceDate "2013.03.14"]
[SourceVersion "1"]
[SourceVersionDate "2013.03.14"]
[SourceQuality "1"]

1. e4 c5 2. Nf3 e6 3. d4 cxd4 4. Nxd4 Nc6 5. Nc3 a6 6. Nxc6 bxc6 7. Bd3 Bb4 8. 0-0 Bxc3 9. bxc3 d6 10. Qg4 g6 11. Rb1 e5 12. Qg3 Ne7 13. f4 exf4 14. Bxf4 0-0 15. Bxd6 Re8 16. Qf4 Rf8 17. Be5 Be6 18. Qf6 1-0

[Event "OP-2011-0-01818"]
[Site "LSS email"]
[Date "2011.10.12"]
[Round "?"]
[White "Husemann, Andreas"]
[Black "Stevenson, Walter"]
[Result "1-0"]
[WhiteElo "2018"]
[BlackElo "713"]
[PlyCount "33"]
[EventDate "2011.10.09"]
[EventType "tourn (corr)"]
[EventRounds "4"]
[EventCountry "GER"]
[SourceTitle "Corr 2015"]
[Source "ChessBase"]
[SourceDate "2015.07.17"]
[SourceVersion "1"]
[SourceVersionDate "2015.07.17"]
[SourceQuality "1"]

1. d4 Nf6 2. c4 e6 3. Nc3 Bb4 4. e3 d5 5. Bd3 0-0 6. Nf3 Nc6 7. 0-0 Bd6 8. e4 dxe4 9. Nxe4 Nxe4 10. Bxe4 Bd7 11. Re1 Bb4 12. Re2 Be7 13. Bf4 Bd6 14. Bg5 Be7 15. Bxe7 Qxe7 16. d5 exd5 17. cxd5 1-0

[Event "OP-2011-0-01818"]
[Site "LSS email"]
[Date "2011.10.12"]
[Round "?"]
[White "Vontina, Maria"]
[Black "Stevenson, Walter"]
[Result "1/2-1/2"]
[WhiteElo "758"]
[BlackElo "713"]
[PlyCount "67"]
[EventDate "2011.10.09"]
[EventType "tourn (corr)"]
[EventRounds "4"]
[EventCountry "GER"]
[SourceTitle "Telechess CBM 157"]
[Source "ChessBase"]
[SourceDate "2013.11.12"]
[SourceVersion "1"]
[SourceVersionDate "2013.11.12"]
[SourceQuality "1"]

1. e4 c5 2. Nf3 d6 3. d4 cxd4 4. Nxd4 Nf6 5. Nc3 a6 6. Bg5 e6 7. f4 Be7 8. Qf3 Qc7 9. 0-0-0 Nc6 10. g4 Nxd4 11. Rxd4 0-0 12. Rd1 h6 13. Bxf6 Bxf6 14. h4 Bxc3 15. Qxc3 Qxc3 16. bxc3 Rd8 17. Kb2 b5 18. f5 e5 19. g5 Bb7 20. Bd3 d5 21. exd5 Bxd5 22. Rhg1 h5 23. Rde1 Re8 24. a3 Bf3 25. Be4 Bxe4 26. Rxe4 Rad8 27. Rge1 Rd5 28. Kb3 a5 29. c4 bxc4+ 30. Kxc4 Rd2 31. Kc3 Rd5 32. Kc4 Rd2 33. Kc3 Rd5 34. Kc4 1/2-1/2

[Event "OP-2011-0-01767"]
[Site "LSS email"]
[Date "2011.09.10"]
[Round "?"]
[White "Vodicka, Milan"]
[Black "Stevenson, Walter"]
[Result "1-0"]
[WhiteElo "1811"]
[BlackElo "730"]
[PlyCount "57"]
[EventDate "2011.09.05"]
[EventType "tourn (corr)"]
[EventRounds "4"]
[EventCountry "GER"]
[SourceTitle "Telechess CBM 151"]
[Source "ChessBase"]
[SourceDate "2012.11.13"]
[SourceVersion "1"]
[SourceVersionDate "2012.11.13"]
[SourceQuality "1"]

1. d4 d5 2. c4 e6 3. Nc3 Nf6 4. Nf3 Nc6 5. Bg5 Be7 6. e3 0-0 7. a3 h6 8. Bf4 b6 9. cxd5 exd5 10. Ne5 Nxe5 11. dxe5 Ne4 12. Nxd5 Be6 13. Nxe7+ Qxe7 14. Qc2 f5 15. f3 Ng5 16. Be2 c5 17. 0-0 Rad8 18. Rad1 Rxd1 19. Rxd1 Rd8 20. Bg3 Nf7 21. f4 Bc8 22. Rxd8+ Qxd8 23. Bc4 Qc7 24. e4 Kh7 25. exf5 Bb7 26. f6+ Kh8 27. Qg6 Nd8 28. Qe8+ Kh7 29. Bd3+ 1-0

[Event "OP-2011-0-01733"]
[Site "LSS email"]
[Date "2011.08.21"]
[Round "?"]
[White "Stevenson, Walter"]
[Black "Jordaan, Wayne"]
[Result "0-1"]
[WhiteElo "717"]
[BlackElo "1579"]
[PlyCount "40"]
[EventDate "2011.08.18"]
[EventType "tourn (corr)"]
[EventRounds "4"]
[EventCountry "GER"]
[SourceTitle "Telechess CBM 149"]
[Source "ChessBase"]
[SourceDate "2012.07.17"]
[SourceVersion "1"]
[SourceVersionDate "2012.07.17"]
[SourceQuality "1"]

1. d4 d5 2. c4 e6 3. Nc3 c5 4. cxd5 exd5 5. Nf3 Nc6 6. g3 Nf6 7. Bg2 Be6 8. 0-0 Be7 9. Bg5 Ne4 10. Bxe7 Qxe7 11. Qc2 cxd4 12. Nb5 Rc8 13. Qa4 Nc5 14. Qc2 d3 15. exd3 0-0 16. Rfe1 Nb4 17. Qe2 Ncxd3 18. a3 Nxe1 19. Qxe1 Nc2 20. Qb1 Nxa1 0-1

[Event "OP-2011-0-01701"]
[Site "LSS email"]
[Date "2011.08.04"]
[Round "?"]
[White "Stevenson, Walter"]
[Black "Salinas, Evin"]
[Result "0-1"]
[WhiteElo "730"]
[BlackElo "758"]
[PlyCount "64"]
[EventDate "2011.07.31"]
[EventType "tourn (corr)"]
[EventRounds "4"]
[EventCountry "GER"]
[SourceTitle "Telechess CBM 151"]
[Source "ChessBase"]
[SourceDate "2012.11.13"]
[SourceVersion "1"]
[SourceVersionDate "2012.11.13"]
[SourceQuality "1"]

1. d4 g6 2. c4 Bg7 3. Nf3 Nf6 4. e3 0-0 5. Nc3 a6 6. Be2 d6 7. 0-0 b5 8. cxb5 axb5 9. Bxb5 Ra5 10. Be2 e5 11. b4 Ra7 12. dxe5 dxe5 13. Qxd8 Rxd8 14. Nxe5 Bb7 15. Nf3 Ne4 16. Bb2 Nxc3 17. Bxc3 Bxc3 18. Rab1 Rxa2 19. Rfc1 Bxb4 20. Rxb4 Rxe2 21. Rxb7 Na6 22. Ra7 Nb4 23. Nd4 Rb2 24. g3 Nd3 25. Rc2 Rb1+ 26. Kg2 c5 27. Nf3 Rc1 28. Re2 c4 29. Rc7 h6 30. Nd4 h5 31. h4 Ra8 32. Rc2 Ne1+ 0-1

[Event "OP-2010-0-01360"]
[Site "LSS email"]
[Date "2011.01.08"]
[Round "?"]
[White "Zemlyanov, Sergey Mikhailovich"]
[Black "Stevenson, Walter"]
[Result "0-1"]
[WhiteElo "1516"]
[BlackElo "731"]
[PlyCount "32"]
[EventDate "2010.12.30"]
[EventType "tourn (corr)"]
[EventRounds "4"]
[EventCountry "GER"]
[SourceTitle "Corr 2015"]
[Source "ChessBase"]
[SourceDate "2015.07.17"]
[SourceVersion "1"]
[SourceVersionDate "2015.07.17"]
[SourceQuality "1"]

1. e4 c5 2. Nf3 d6 3. d4 cxd4 4. Nxd4 Nf6 5. Nc3 a6 6. Be3 e5 7. Nb3 Be6 8. f3 Be7 9. Qd2 0-0 10. 0-0-0 Nc6 11. Nd5 Nd7 12. Nxe7+ Qxe7 13. Qxd6 Qxd6 14. Rxd6 Nf6 15. Nc5 Rab8 16. Nxe6 fxe6 0-1

[Event "OP-2010-0-01314"]
[Site "LSS email"]
[Date "2010.11.12"]
[Round "?"]
[White "Cousteix, Thierry"]
[Black "Stevenson, Walter"]
[Result "0-1"]
[WhiteElo "623"]
[BlackElo "708"]
[PlyCount "40"]
[EventDate "2010.11.08"]
[EventType "tourn (corr)"]
[EventRounds "4"]
[EventCountry "GER"]
[SourceTitle "Telechess CBM 145"]
[Source "Chessbase"]
[SourceDate "2011.11.11"]
[SourceVersion "1"]
[SourceVersionDate "2011.11.11"]
[SourceQuality "1"]

1. Nf3 d5 2. d4 e6 3. c4 Nf6 4. Nc3 c6 5. Bg5 Be7 6. Bxf6 Bxf6 7. e4 dxe4 8. Nxe4 Nd7 9. Nxf6+ Nxf6 10. Be2 0-0 11. 0-0 b6 12. Rc1 Bb7 13. Ne5 Nd7 14. Nxd7 Qxd7 15. Qd3 a5 16. Bd1 Ba6 17. Bc2 f5 18. g4 g6 19. Rce1 Rad8 20. gxf5 exf5 0-1

[Event "IECC CL7-2010.07 email"]
[Site "IECC email"]
[Date "2010.10.23"]
[Round "?"]
[White "Stevenson, Walter"]
[Black "Simmons, Ernest"]
[Result "1-0"]
[WhiteElo "1088"]
[BlackElo "1116"]
[PlyCount "53"]
[EventDate "2010.??.??"]
[EventType "tourn (corr)"]
[EventRounds "4"]
[SourceTitle "Telechess CBM 149"]
[Source "ChessBase"]
[SourceDate "2012.07.17"]
[SourceVersion "1"]
[SourceVersionDate "2012.07.17"]
[SourceQuality "1"]
[WhiteTeam "Canada"]
[BlackTeam "US of America"]
[WhiteTeamCountry "CAN"]
[BlackTeamCountry "USA"]

1. d4 Nf6 2. c4 e6 3. Nc3 b6 4. Nf3 Bb7 5. e3 Bb4 6. Bd2 Be7 7. Be2 0-0 8. 0-0 d6 9. Qc2 g6 10. e4 e5 11. d5 Nbd7 12. Be3 Ng4 13. Qd2 Nxe3 14. Qxe3 a6 15. h3 Re8 16. b4 Nf6 17. Rab1 Nh5 18. Nh2 Bg5 19. Qd3 Nf4 20. Qc2 Nxe2+ 21. Qxe2 Be7 22. f4 Qd7 23. f5 Rf8 24. Ng4 c6 25. Qe3 Qd8 26. f6 cxd5 27. Qh6 1-0

[Event "OP-2010-0-01280"]
[Site "LSS email"]
[Date "2010.10.05"]
[Round "?"]
[White "Martin, Hector Eduardo Lope"]
[Black "Stevenson, Walter"]
[Result "1-0"]
[WhiteElo "800"]
[BlackElo "1456"]
[PlyCount "53"]
[EventDate "2010.09.29"]
[EventType "tourn (corr)"]
[EventRounds "4"]
[EventCountry "GER"]
[SourceTitle "Corr 2022"]
[Source "ChessBase"]
[SourceDate "2021.10.24"]
[SourceVersion "1"]
[SourceVersionDate "2021.10.24"]
[SourceQuality "1"]

1. d4 Nf6 2. Nc3 d5 3. Nf3 e6 4. Bg5 Be7 5. e3 0-0 6. Bd3 Nbd7 7. Ne5 Nxe5 8. dxe5 Nd7 9. Bf4 c5 10. b3 b6 11. Nb5 a6 12. Nc3 Bb7 13. 0-0 f6 14. exf6 Bxf6 15. Qd2 Ne5 16. Bxe5 Bxe5 17. f4 Bf6 18. a4 d4 19. exd4 Qxd4+ 20. Kh1 Qxc3 21. Qe2 Bd5 22. Rac1 Be7 23. f5 Qf6 24. fxe6 Qxe6 25. Qh5 Rxf1+ 26. Rxf1 Rf8 27. Qxh7# 1-0

[Event "OP-2010-0-01280"]
[Site "LSS email"]
[Date "2010.10.05"]
[Round "?"]
[White "Stevenson, Walter"]
[Black "Aksenov, Aleksandr Aleksandr"]
[Result "0-1"]
[WhiteElo "790"]
[BlackElo "1400"]
[PlyCount "52"]
[EventDate "2010.09.29"]
[EventType "tourn (corr)"]
[EventRounds "4"]
[EventCountry "GER"]
[SourceTitle "Telechess CBM 143"]
[Source "ChessBase"]
[SourceDate "2011.07.15"]
[SourceVersion "1"]
[SourceVersionDate "2011.07.15"]
[SourceQuality "1"]

1. d4 d5 2. c4 c6 3. Nf3 Nf6 4. Nc3 e6 5. e3 Nbd7 6. Bd3 dxc4 7. Bxc4 b5 8. Bd3 Bb7 9. 0-0 a6 10. Ne4 c5 11. Nxf6+ Nxf6 12. Be2 c4 13. Bd2 Ne4 14. Ne5 f6 15. Nf3 Bd6 16. a4 0-0 17. axb5 axb5 18. Bc3 Qc7 19. Qc2 b4 20. Bd2 c3 21. Rxa8 Rxa8 22. Bd3 Nxd2 23. Nxd2 Bxh2+ 24. Kh1 cxd2 25. Qxd2 Bd6 26. Rc1 Qa5 0-1

[Event "OP-2010-0-01280"]
[Site "LSS email"]
[Date "2010.10.05"]
[Round "?"]
[White "Stevenson, Walter"]
[Black "Baer, Werner"]
[Result "1-0"]
[WhiteElo "790"]
[BlackElo "1990"]
[PlyCount "41"]
[EventDate "2010.09.29"]
[EventType "tourn (corr)"]
[EventRounds "4"]
[EventCountry "GER"]
[SourceTitle "Telechess CBM 143"]
[Source "ChessBase"]
[SourceDate "2011.07.15"]
[SourceVersion "1"]
[SourceVersionDate "2011.07.15"]
[SourceQuality "1"]

1. d4 d5 2. c4 e6 3. Nc3 Nf6 4. Bg5 Be7 5. e3 h6 6. Bh4 0-0 7. Nf3 Nc6 8. Be2 Ne4 9. Bxe7 Qxe7 10. cxd5 Nxc3 11. bxc3 exd5 12. 0-0 Bf5 13. Bd3 Be4 14. Be2 Rad8 15. Bd3 Qa3 16. Qc2 Nb4 17. cxb4 Bxd3 18. Qxc7 Bxf1 19. Rxf1 Qxb4 20. Ne5 Qe7 21. Qxe7 1-0